000 00512nam a2200205Ia 4500
005 20250923150324.0
008 008 250917s9999 xx 000 0 eng d
037 _aTextual
040 _aDSWL
_beng
_cDSWL
041 _aeng
_2eng
084 _qDSWL
100 _aVani
_9844681
245 0 _aLawa,rules and regulations for the voluntary sector
_cby Vani
260 _aNew Delhi
_bVani
_c1996
300 _a149p.
365 _aINR
_b150
925 _g150
942 _cTEXL
999 _c1462166
_d1462166